[Event "Ruhrgebiet Verbandsliga Gruppe 2 1718"]
[Site "Germany"]
[Date "2017.12.03"]
[Round "4.3"]
[White "Fistoul, Boris"]
[Black "Callenberg, Ralf"]
[Result "1-0"]
[WhiteElo "1961"]
[BlackElo "2029"]
[PlyCount "49"]
[EventDate "2017.09.17"]
[EventType "team-tourn"]
[EventRounds "9"]
[EventCountry "GER"]
[SourceTitle "EXT 2022"]
[Source "ChessBase"]
[SourceDate "2021.10.06"]
[SourceVersion "1"]
[SourceVersionDate "2021.10.06"]
[SourceQuality "1"]
[WhiteTeam "Bochum SG III"]
[BlackTeam "Recklinghausen Sued"]
[WhiteTeamCountry "GER"]
[BlackTeamCountry "GER"]

1. d4 Nf6 2. c4 g6 3. f3 d5 4. cxd5 Nxd5 5. e4 Nf6 6. Nc3 Bg7 7. Be3 0-0 8. Qd2 c5 9. d5 Nbd7 10. g4 h5 11. gxh5 Nxh5 12. Be2 b6 13. Nh3 Ndf6 14. Nf4 Nxf4 15. Bxf4 e6 16. Bg5 Qe8 17. d6 Bb7 18. h4 Nh5 19. 0-0-0 Qd7 20. Rhg1 Bd4 21. Be7 Rfe8 22. Qg5 Kh7 23. Rg2 Bc6 24. e5 Qb7 25. Bd3 1-0

[Event "Ruhrgebiet Verbandsliga Gruppe 2 1718"]
[Site "Germany"]
[Date "2017.10.08"]
[Round "2.3"]
[White "Birdaini, Becir"]
[Black "Callenberg, Ralf"]
[Result "1-0"]
[WhiteElo "2010"]
[BlackElo "2029"]
[PlyCount "143"]
[EventDate "2017.09.17"]
[EventType "team-tourn"]
[EventRounds "9"]
[EventCountry "GER"]
[SourceTitle "EXT 2022"]
[Source "ChessBase"]
[SourceDate "2021.10.06"]
[SourceVersion "1"]
[SourceVersionDate "2021.10.06"]
[SourceQuality "1"]
[WhiteTeam "Altenessen"]
[BlackTeam "Recklinghausen Sued"]
[WhiteTeamCountry "GER"]
[BlackTeamCountry "GER"]

1. e4 c5 2. Nf3 d6 3. Nc3 Nf6 4. Bb5+ Bd7 5. Bxd7+ Qxd7 6. 0-0 Nc6 7. Re1 e6 8. d3 Be7 9. h3 0-0 10. a3 Rab8 11. Bf4 b5 12. Ne2 a5 13. Ng3 b4 14. b3 a4 15. bxa4 Nd4 16. axb4 Rxb4 17. c3 Nxf3+ 18. gxf3 Rb2 19. Bc1 Rb7 20. Kg2 Rfb8 21. Be3 Rb3 22. Bd2 Qc6 23. a5 Nd7 24. Qe2 Bf6 25. Rec1 Qa6 26. f4 Rb2 27. Nf1 R8b5 28. Ne3 Rb8 29. Nc4 R2b3 30. e5 Be7 31. Qd1 R3b5 32. exd6 Bxd6 33. Qf3 Bc7 34. Re1 Nf6 35. f5 Re8 36. Bg5 Nd7 37. f6 e5 38. fxg7 Qg6 39. Qg3 f6 40. Bd2 Kxg7 41. f4 Ra8 42. Kf3 Kf7 43. Qxg6+ hxg6 44. Rab1 Rbb8 45. Rxb8 Rxb8 46. fxe5 Bxe5 47. a6 Ra8 48. Ra1 Ra7 49. Ra5 Bc7 50. Ra3 Ke6 51. Bf4 Bxf4 52. Kxf4 Kd5 53. h4 Kc6 54. Ra1 Nf8 55. Ke4 Ne6 56. d4 Nc7 57. Na5+ Kb6 58. d5 Nxa6 59. d6 Rh7 60. Kd5 Nb8 61. Nc4+ Kb7 62. Rb1+ Kc8 63. Ke6 Rxh4 64. Nb6+ Kd8 65. Nc4 Nd7 66. Kd5 Rh3 67. Rb7 Rxc3 68. Kc6 Rxc4 69. Rxd7+ Ke8 70. Re7+ Kf8 71. Re6 Rd4 72. d7 1-0

[Event "Ruhrgebiet Verbandsklasse Gruppe 2 1617"]
[Site "Germany"]
[Date "2016.10.30"]
[Round "3.3"]
[White "Callenberg, Ralf"]
[Black "Fuest, Torsten"]
[Result "1-0"]
[WhiteElo "2008"]
[BlackElo "1865"]
[PlyCount "143"]
[EventDate "2016.09.04"]
[EventType "team-tourn"]
[EventRounds "9"]
[EventCountry "GER"]
[SourceTitle "EXT 2022"]
[Source "ChessBase"]
[SourceDate "2021.10.06"]
[SourceVersion "1"]
[SourceVersionDate "2021.10.06"]
[SourceQuality "1"]
[WhiteTeam "Recklinghausen Sued"]
[BlackTeam "Boenen SV"]
[WhiteTeamCountry "GER"]
[BlackTeamCountry "GER"]

1. c4 c5 2. g3 g6 3. Bg2 Bg7 4. Nc3 Nc6 5. Nf3 d6 6. 0-0 Rb8 7. a3 a6 8. e3 Nh6 9. d4 cxd4 10. Nxd4 Nxd4 11. exd4 Nf5 12. d5 Qc7 13. Re1 Qxc4 14. Re4 Qc7 15. g4 Nh6 16. Qe2 f5 17. Rc4 Qd8 18. Bxh6 Bxh6 19. gxf5 Bxf5 20. Re1 Bg5 21. Ne4 Bxe4 22. Rxe4 0-0 23. h4 Bf6 24. h5 Qd7 25. hxg6 hxg6 26. Rg4 Kf7 27. Bh3 Rh8 28. Qd3 Qf5 29. Ree4 Qh5 30. Rg3 Rh6 31. Kf1 Kg7 32. Be6 Rbh8 33. Reg4 Qh1+ 34. Ke2 g5 35. Qf5 Rg6 36. Bd7 Qc1 37. Ba4 Qxb2+ 38. Bc2 Rhh6 39. Rb3 Qe5+ 40. Qxe5 Bxe5 41. Bxg6 Kxg6 42. Rxb7 Kf6 43. Ra7 Bf4 44. Rg1 Rh3 45. Rxa6 Rc3 46. Rd1 g4 47. Rd3 Rc2+ 48. Kf1 Ke5 49. Ra4 Ra2 50. Rd1 Kf5 51. Rdd4 Be5 52. Rd3 Rc2 53. Rb4 Ra2 54. a4 Ra1+ 55. Ke2 Ra2+ 56. Rd2 Ra3 57. Rc2 g3 58. fxg3 Bxg3 59. Rcb2 Be5 60. R2b3 Ra2+ 61. Kd3 e6 62. dxe6 Kxe6 63. Kc4 Kd7 64. Kb5 d5 65. a5 Rc2 66. a6 Bd6 67. a7 Rc5+ 68. Ka6 Rc1 69. Ra4 Rc8 70. Rb7+ Kd8 71. Rd4 Rc6+ 72. Rb6 1-0

[Event "Ruhrgebiet Verbandsklasse Gruppe 3 1516"]
[Site "Germany"]
[Date "2016.04.24"]
[Round "9.1"]
[White "Callenberg, Ralf"]
[Black "Reinoehl, Christian"]
[Result "0-1"]
[WhiteElo "1986"]
[BlackElo "2093"]
[PlyCount "92"]
[EventDate "2015.09.06"]
[EventType "team-tourn"]
[EventRounds "9"]
[EventCountry "GER"]
[SourceTitle "EXT 2022"]
[Source "ChessBase"]
[SourceDate "2021.10.06"]
[SourceVersion "1"]
[SourceVersionDate "2021.10.06"]
[SourceQuality "1"]
[WhiteTeam "Recklinghausen Sued"]
[BlackTeam "Annen Sport Union"]
[WhiteTeamCountry "GER"]
[BlackTeamCountry "GER"]

1. c4 c6 2. Nf3 d5 3. b3 Nf6 4. Bb2 Bf5 5. g3 h6 6. Bg2 e6 7. 0-0 Nbd7 8. d3 Be7 9. Nbd2 0-0 10. Rc1 Re8 11. Rc2 Bd6 12. Qa1 e5 13. c5 Bc7 14. Nh4 Bh7 15. e4 Qe7 16. Rfc1 Qe6 17. exd5 Nxd5 18. Ne4 f5 19. Nd2 Nb4 20. Rc3 Rad8 21. a3 Nd5 22. R3c2 N7f6 23. Re1 f4 24. Ne4 Nxe4 25. dxe4 Nf6 26. Rc4 fxg3 27. hxg3 b5 28. cxb6 Bxb6 29. Nf3 Ng4 30. Re2 Rd3 31. Rc3 Rxc3 32. Bxc3 Qxb3 33. Nxe5 Rd8 34. Bf1 Nxf2 35. Rxf2 Rd1 36. Qb2 Qxb2 37. Bxb2 Bxf2+ 38. Kxf2 Rd2+ 39. Ke3 Rxb2 40. Bc4+ Kf8 41. Nxc6 Rg2 42. Kf4 g5+ 43. Kg4 Bxe4 44. Nxa7 Kg7 45. Bb5 Kf6 46. a4 h5+ 0-1

[Event "Landesliga Sued 0809"]
[Site "Bayern"]
[Date "2009.03.29"]
[Round "9.8"]
[White "Leckner, Thomas"]
[Black "Callenberg, Ralf"]
[Result "0-1"]
[WhiteElo "1759"]
[BlackElo "1996"]
[PlyCount "58"]
[EventDate "2008.10.05"]
[EventType "team-tourn"]
[EventRounds "9"]
[EventCountry "GER"]
[SourceTitle "EXT 2020"]
[Source "ChessBase"]
[SourceDate "2019.10.17"]
[SourceVersion "1"]
[SourceVersionDate "2019.10.17"]
[SourceQuality "1"]
[WhiteTeam "Tegernsee II"]
[BlackTeam "Muenchen Zugzwang"]
[WhiteTeamCountry "GER"]
[BlackTeamCountry "GER"]

1. d4 Nf6 2. Nc3 d5 3. Bg5 g6 4. Nf3 Bg7 5. Bxf6 exf6 6. e3 0-0 7. Bd3 c6 8. 0-0 Nd7 9. Ne2 Re8 10. c3 Nf8 11. Ng3 f5 12. Qc2 Qd6 13. Rfe1 Ne6 14. Rad1 Bd7 15. h4 f4 16. exf4 Qxf4 17. h5 Ng5 18. Rxe8+ Rxe8 19. Nxg5 Qxg5 20. hxg6 hxg6 21. Qd2 Qh4 22. Re1 Be6 23. Qd1 Bh6 24. Nh1 Kg7 25. g3 Qf6 26. f4 Bg4 27. Be2 Qe6 28. Kf1 Bh3+ 29. Kf2 Qe3# 0-1

[Event "Landesliga Sued 0809"]
[Site "Bayern"]
[Date "2009.03.15"]
[Round "8.8"]
[White "Callenberg, Ralf"]
[Black "Weichlein, Paul"]
[Result "1-0"]
[WhiteElo "1996"]
[BlackElo "1823"]
[PlyCount "93"]
[EventDate "2008.10.05"]
[EventType "team-tourn"]
[EventRounds "9"]
[EventCountry "GER"]
[SourceTitle "EXT 2020"]
[Source "ChessBase"]
[SourceDate "2019.10.17"]
[SourceVersion "1"]
[SourceVersionDate "2019.10.17"]
[SourceQuality "1"]
[WhiteTeam "Muenchen Zugzwang"]
[BlackTeam "Haunstetten"]
[WhiteTeamCountry "GER"]
[BlackTeamCountry "GER"]

1. c4 Nf6 2. g3 g6 3. Bg2 Bg7 4. Nc3 0-0 5. e4 d6 6. Nge2 Nbd7 7. 0-0 e5 8. d3 Nh5 9. g4 Nhf6 10. Ng3 Nc5 11. h3 Ne6 12. Nce2 Ne8 13. Be3 Qh4 14. Qd2 h5 15. gxh5 f5 16. h6 Bh8 17. exf5 gxf5 18. f4 exf4 19. Bxf4 Nxf4 20. Qxf4 Qxf4 21. Rxf4 Be5 22. Rf2 Bxb2 23. Rb1 Be5 24. Bxb7 Bxb7 25. Rxb7 f4 26. d4 fxg3 27. h7+ Kg7 28. Rxf8 Kxf8 29. dxe5 Kg7 30. exd6 Kxh7 31. dxc7 Rc8 32. Rb8 Rxc7 33. Rxe8 Rxc4 34. Nxg3 Rc1+ 35. Kf2 Rc2+ 36. Re2 Rc3 37. Re7+ Kh6 38. Rxa7 Rc4 39. a4 Rc2+ 40. Kf3 Rc3+ 41. Kf4 Rc4+ 42. Ne4 Rd4 43. a5 Kh5 44. Ra6 Ra4 45. Rc6 Rb4 46. a6 Ra4 47. a7 1-0

[Event "Landesliga Sued 0809"]
[Site "Bayern"]
[Date "2009.02.01"]
[Round "6.5"]
[White "Schoellmann, Jochen"]
[Black "Callenberg, Ralf"]
[Result "1-0"]
[WhiteElo "2191"]
[BlackElo "1996"]
[PlyCount "169"]
[EventDate "2008.10.05"]
[EventType "team-tourn"]
[EventRounds "9"]
[EventCountry "GER"]
[SourceTitle "EXT 2020"]
[Source "ChessBase"]
[SourceDate "2019.10.17"]
[SourceVersion "1"]
[SourceVersionDate "2019.10.17"]
[SourceQuality "1"]
[WhiteTeam "Garching"]
[BlackTeam "Muenchen Zugzwang"]
[WhiteTeamCountry "GER"]
[BlackTeamCountry "GER"]

1. e4 c5 2. c3 d6 3. d4 Nf6 4. Bd3 Nc6 5. d5 Ne5 6. Bc2 g6 7. f4 Ned7 8. Nf3 Nb6 9. Qe2 Bg7 10. c4 0-0 11. 0-0 e6 12. Bd3 Re8 13. Qc2 exd5 14. exd5 Ng4 15. Nc3 Ne3 16. Bxe3 Rxe3 17. Rae1 Rxe1 18. Rxe1 Bg4 19. Ng5 Qf6 20. Qf2 Bf5 21. Bf1 Qd4 22. Nb5 Qf6 23. Nc7 Rd8 24. Ne8 Qxb2 25. Nxg7 Qxf2+ 26. Kxf2 Kxg7 27. h3 h6 28. Nf3 Kf8 29. Re3 Re8 30. Ra3 Nc8 31. g4 Bd7 32. Nd2 f5 33. Bd3 Kg7 34. gxf5 Bxf5 35. Bxf5 gxf5 36. Rg3+ Kf7 37. a4 Ne7 38. Rb3 b6 39. a5 Nc8 40. Rb1 bxa5 41. Ra1 Re7 42. Rxa5 Rb7 43. Ra6 Rb2 44. Ke1 Ke8 45. Ra3 Rb7 46. Kf2 Nb6 47. Rg3 Kf7 48. h4 Nd7 49. h5 Nf6 50. Rg6 Rb6 51. Kf3 Ng4 52. Nf1 a5 53. Ng3 Rb3+ 54. Kg2 Rb2+ 55. Kh1 a4 56. Nxf5 a3 57. Rxg4 a2 58. Nxh6+ Ke8 59. Rg8+ Ke7 60. Rg7+ Kd8 61. Rg8+ Kc7 62. Ra8 Kd7 63. Nf7 Ke7 64. h6 Kxf7 65. h7 Rb8 66. Rxa2 Rh8 67. Rh2 Kg6 68. Kg2 Rxh7 69. Rxh7 Kxh7 70. Kg3 Kg7 71. f5 Kf7 72. Kg4 Kf8 73. Kg5 Kg7 74. f6+ Kf8 75. Kf5 Kf7 76. Kg5 Kf8 77. f7 Kxf7 78. Kf5 Ke7 79. Kg6 Ke8 80. Kf6 Kd7 81. Kf7 Kd8 82. Ke6 Kc7 83. Ke7 Kc8 84. Kxd6 Kd8 85. Kxc5 1-0

[Event "Landesliga Sued 0809"]
[Site "Bayern"]
[Date "2008.10.26"]
[Round "2.7"]
[White "Callenberg, Ralf"]
[Black "Sindermann, Peter"]
[Result "1-0"]
[WhiteElo "2004"]
[BlackElo "1944"]
[PlyCount "84"]
[EventDate "2008.10.05"]
[EventType "team-tourn"]
[EventRounds "9"]
[EventCountry "GER"]
[SourceTitle "EXT 2020"]
[Source "ChessBase"]
[SourceDate "2019.10.17"]
[SourceVersion "1"]
[SourceVersionDate "2019.10.17"]
[SourceQuality "1"]
[WhiteTeam "Muenchen Zugzwang"]
[BlackTeam "Weilheim"]
[WhiteTeamCountry "GER"]
[BlackTeamCountry "GER"]

1. c4 c5 2. g3 Nc6 3. Bg2 Nf6 4. Nc3 e6 5. Nf3 d5 6. cxd5 exd5 7. d4 Bf5 8. Bg5 Be7 9. 0-0 h6 10. Bxf6 Bxf6 11. dxc5 Be6 12. Qa4 0-0 13. Rfd1 Qe7 14. Rac1 Rfd8 15. e3 a6 16. Nd4 Nxd4 17. exd4 h5 18. Re1 Qc7 19. Rcd1 h4 20. Ne2 hxg3 21. hxg3 Bg4 22. Qb3 Qd7 23. Bf3 Re8 24. Qd3 Re7 25. Bxg4 Qxg4 26. Nf4 Re4 27. Rxe4 dxe4 28. Qe2 Qf5 29. Ng2 Rd8 30. Ne3 Qh7 31. d5 g5 32. Nc4 Kg7 33. Nd6 Rh8 34. Qxe4 Qh2+ 35. Kf1 Bxb2 36. Nf5+ Kf6 37. Ne3 Qh3+ 38. Ke2 Qd7 39. Rb1 Bc3 40. Rb6+ Kg7 41. Nf5+ Kg8 42. c6 bxc6 1-0

[Event "Regionalliga SW 0708"]
[Site "Bayern"]
[Date "2008.01.20"]
[Round "5.5"]
[White "Demel, Paul"]
[Black "Callenberg, Ralf"]
[Result "1/2-1/2"]
[WhiteElo "2017"]
[BlackElo "2044"]
[PlyCount "83"]
[EventDate "2007.10.21"]
[EventType "team-tourn"]
[EventRounds "9"]
[EventCountry "GER"]
[SourceTitle "EXT 2009"]
[Source "ChessBase"]
[SourceDate "2008.11.26"]
[SourceVersion "1"]
[SourceVersionDate "2008.11.26"]
[SourceQuality "1"]
[WhiteTeam "Kriegshaber"]
[BlackTeam "Zugzwang MSA"]
[WhiteTeamCountry "GER"]
[BlackTeamCountry "GER"]

1. Nf3 Nf6 2. c4 g6 3. Nc3 d5 4. Qa4+ c6 5. cxd5 Nxd5 6. Qd4 Nf6 7. Qxd8+ Kxd8 8. d4 Bg7 9. e4 Nbd7 10. Bc4 e6 11. a4 h6 12. 0-0 Ke7 13. h3 Rd8 14. Bf4 Ne8 15. Rfd1 g5 16. Be3 Nd6 17. Bb3 b6 18. d5 Bxc3 19. bxc3 Nxe4 20. Nd4 Nb8 21. dxc6 Rd6 22. c7 Na6 23. Nb5 Rc6 24. Bc2 f5 25. Bxe4 fxe4 26. a5 bxa5 27. Rxa5 Nxc7 28. Nxa7 Rxc3 29. Rda1 Bd7 30. Rc5 Rxc5 31. Bxc5+ Kf7 32. Re1 Na6 33. Be3 Nb4 34. Rb1 Rb8 35. Rc1 Nd5 36. Nc6 Bxc6 37. Rxc6 Nxe3 38. fxe3 Rb3 39. Kf2 Rb2+ 40. Kf1 Rb3 41. Kf2 Rb2+ 42. Kf1 1/2-1/2

[Event "Munich OIS op"]
[Site "Munich"]
[Date "2007.10.01"]
[Round "3"]
[White "Lammers, Markus"]
[Black "Callenberg, Ralf"]
[Result "1-0"]
[WhiteElo "2335"]
[BlackElo "2127"]
[PlyCount "63"]
[EventDate "2007.09.29"]
[EventType "swiss"]
[EventRounds "9"]
[EventCountry "GER"]
[SourceTitle "CBM 120 Extra"]
[Source "ChessBase"]
[SourceDate "2007.11.01"]
[SourceVersion "1"]
[SourceVersionDate "2007.11.01"]
[SourceQuality "1"]

1. d4 Nf6 2. c4 g6 3. Nf3 Bg7 4. Nc3 d5 5. Bf4 0-0 6. e3 c5 7. dxc5 Qa5 8. Rc1 dxc4 9. Bxc4 Qxc5 10. Bb3 Nc6 11. 0-0 Qh5 12. Nd4 Bg4 13. f3 Bd7 14. Na4 Nxd4 15. Qxd4 Bxa4 16. Qxa4 a6 17. Rfd1 e6 18. e4 Rfc8 19. Qb4 b5 20. Qe7 g5 21. Rxc8+ Rxc8 22. Rd8+ Rxd8 23. Qxd8+ Bf8 24. Bd6 Qh6 25. Bxf8 Qxf8 26. Qxf6 Qc5+ 27. Kf1 b4 28. Qd8+ Kg7 29. Qd2 Qb5+ 30. Kf2 a5 31. Qd4+ Kg8 32. Bc4 1-0

[Event "Munich OIS op"]
[Site "Munich"]
[Date "2007.09.30"]
[Round "2"]
[White "Callenberg, Ralf"]
[Black "Vogel, Robert"]
[Result "1/2-1/2"]
[WhiteElo "2127"]
[BlackElo "2285"]
[PlyCount "143"]
[EventDate "2007.09.29"]
[EventType "swiss"]
[EventRounds "9"]
[EventCountry "GER"]
[SourceTitle "CBM 120 Extra"]
[Source "ChessBase"]
[SourceDate "2007.11.01"]
[SourceVersion "1"]
[SourceVersionDate "2007.11.01"]
[SourceQuality "1"]

1. c4 e5 2. g3 Nc6 3. Bg2 g6 4. Nc3 Bg7 5. Nf3 d6 6. d3 Nf6 7. Bg5 h6 8. Bd2 Be6 9. Qc1 Qd7 10. h4 Kf8 11. Rb1 Kg8 12. b4 Nh5 13. Nd5 f5 14. b5 Ne7 15. Ba5 b6 16. Nxe7+ Qxe7 17. Bc3 Rf8 18. Qa3 f4 19. Bxe5 Bxe5 20. Nxe5 Qf6 21. Nf3 fxg3 22. fxg3 Nxg3 23. Rg1 Bg4 24. Qb2 Qe7 25. Kd1 Qe3 26. Re1 Rh7 27. Qd4 Qxd4 28. Nxd4 Re7 29. Bf3 Rf4 30. Nc6 Re8 31. Bxg4 Rxg4 32. Rg1 h5 33. Kd2 Rxe2+ 34. Kc3 Rxa2 35. Ne7+ Kg7 36. Nd5 Rh2 37. Rge1 Nf5 38. Ra1 Rgg2 39. Ne3 Nxe3 40. Rxe3 Rc2+ 41. Kb3 Rce2 42. Rxe2 Rxe2 43. Rxa7 Re7 44. d4 Kf6 45. c5 dxc5 46. dxc5 Re3+ 47. Kc2 bxc5 48. Rxc7 Re4 49. Rc6+ Kg7 50. Rxc5 Rxh4 51. Kc3 Rh1 52. Kc2 Re1 53. b6 Re8 54. b7 Rb8 55. Rb5 h4 56. Kd3 h3 57. Ke3 h2 58. Rb1 Kf6 59. Rh1 Rxb7 60. Rxh2 Ke5 61. Kf3 Kf5 62. Rh4 Rb3+ 63. Kg2 g5 64. Ra4 Kg6 65. Rc4 Kh5 66. Ra4 Rb5 67. Kg3 Rf5 68. Rc4 Rf1 69. Kg2 Rf4 70. Rxf4 gxf4 71. Kf3 Kg5 72. Kf2 1/2-1/2

[Event "Regionalliga SW 0607"]
[Site "Bayern"]
[Date "2007.02.04"]
[Round "5.6"]
[White "Callenberg, Ralf"]
[Black "Berghaus, Avigdor"]
[Result "1/2-1/2"]
[WhiteElo "2049"]
[BlackElo "2221"]
[PlyCount "133"]
[EventDate "2006.10.15"]
[EventType "team-tourn"]
[EventRounds "9"]
[EventCountry "GER"]
[SourceTitle "EXT 2008"]
[Source "ChessBase"]
[SourceDate "2007.11.25"]
[SourceVersion "1"]
[SourceVersionDate "2007.11.25"]
[SourceQuality "1"]
[WhiteTeam "Zugzwang MSA"]
[BlackTeam "Muenchen Schwabing"]
[WhiteTeamCountry "GER"]
[BlackTeamCountry "GER"]

1. c4 c5 2. g3 Nc6 3. Bg2 g6 4. Nc3 Bg7 5. d3 e6 6. e4 Nge7 7. Nge2 0-0 8. 0-0 a6 9. Rb1 Rb8 10. a4 d6 11. Bg5 h6 12. Bd2 Bd7 13. Na2 b5 14. axb5 axb5 15. cxb5 Ne5 16. d4 cxd4 17. Nxd4 Qb6 18. Bc3 Nc4 19. Re1 e5 20. Nc2 f5 21. b3 Na5 22. Qd2 Nb7 23. Ne3 Bxb5 24. Nb4 Nc5 25. Nbd5 Nxd5 26. Qxd5+ Kh8 27. exf5 gxf5 28. Red1 Rbd8 29. Nc4 Qa7 30. Ra1 Bxc4 31. bxc4 Qf7 32. Qxf7 Rxf7 33. Ra3 e4 34. Bxg7+ Kxg7 35. Ra5 Nd3 36. Bf1 Nb4 37. c5 d5 38. c6 d4 39. Rc5 d3 40. Rc4 Nc2 41. Rc5 Nd4 42. Bh3 Rc8 43. Rd5 Nf3+ 44. Kh1 Kg6 45. Bg2 Ng5 46. h4 Nh7 47. f3 Nf6 48. fxe4 fxe4 49. Rd6 Kf5 50. Bh3+ Ke5 51. Re6+ Kd4 52. Rd6+ Kc5 53. Rxf6 Rxf6 54. Bxc8 Kxc6 55. Ba6 Rd6 56. Kg2 Kc5 57. Bc8 Kd4 58. Bf5 Ra6 59. g4 Ra2+ 60. Kg3 Ra3 61. Kf4 e3 62. Bxd3 Rxd3 63. Re1 Ra3 64. g5 hxg5+ 65. hxg5 Kd5 66. Kf5 Kd4 67. g6 1/2-1/2

[Event "Regionalliga SW 0607"]
[Site "Bayern"]
[Date "2006.12.10"]
[Round "4.7"]
[White "Callenberg, Ralf"]
[Black "Dengler, Dijana"]
[Result "1-0"]
[WhiteElo "2049"]
[BlackElo "2025"]
[PlyCount "55"]
[EventDate "2006.10.15"]
[EventType "team-tourn"]
[EventRounds "9"]
[EventCountry "GER"]
[SourceTitle "EXT 2008"]
[Source "ChessBase"]
[SourceDate "2007.11.25"]
[SourceVersion "1"]
[SourceVersionDate "2007.11.25"]
[SourceQuality "1"]
[WhiteTeam "Zugzwang MSA"]
[BlackTeam "Unterhaching"]
[WhiteTeamCountry "GER"]
[BlackTeamCountry "GER"]

1. c4 e6 2. g3 Nf6 3. Bg2 d5 4. Nf3 dxc4 5. Na3 Be7 6. Nxc4 0-0 7. 0-0 Nbd7 8. b3 c5 9. Bb2 Nb6 10. Nfe5 Nbd5 11. Rc1 Nd7 12. d4 cxd4 13. Qxd4 Bc5 14. Qd3 N5f6 15. e4 Nb6 16. Qxd8 Rxd8 17. Nxf7 Rf8 18. Nfe5 Nxc4 19. Rxc4 b6 20. b4 Bd6 21. a4 Bb7 22. Nd3 Ne8 23. e5 Bxg2 24. Kxg2 Be7 25. Nf4 b5 26. axb5 Rb8 27. Nxe6 Rf7 28. Nd4 1-0

[Event "Bayern-ch 77th"]
[Site "Bad Woerishofen"]
[Date "2006.09.02"]
[Round "9"]
[White "Callenberg, Ralf"]
[Black "Jussupow, Nadejda"]
[Result "1-0"]
[WhiteElo "1989"]
[BlackElo "2080"]
[PlyCount "85"]
[EventDate "2006.08.26"]
[EventType "swiss"]
[EventRounds "9"]
[EventCountry "GER"]
[SourceTitle "EXT 2007"]
[Source "ChessBase"]
[SourceDate "2006.11.23"]
[SourceVersion "1"]
[SourceVersionDate "2006.11.23"]
[SourceQuality "1"]

1. c4 Nf6 2. g3 e6 3. Bg2 d5 4. Nf3 dxc4 5. Na3 Bxa3 6. bxa3 0-0 7. Qc2 Qd5 8. Bb2 Nbd7 9. Rc1 Nb6 10. 0-0 Rd8 11. Rfd1 Qf5 12. Ne5 Qxc2 13. Rxc2 Na4 14. Nxc4 Nxb2 15. Rxb2 Rb8 16. Na5 Rd6 17. Nc6 Ra8 18. Ne7+ Kf8 19. Nxc8 Rxc8 20. Rxb7 Ra6 21. Rb3 Nd5 22. Rc1 Ke7 23. Rc4 c6 24. Rb7+ Kf6 25. Bxd5 exd5 26. Rf4+ Ke6 27. Rfxf7 Rxa3 28. Rbe7+ Kd6 29. Rxa7 Ra8 30. Rxa3 Rxa3 31. d4 Rxa2 32. e3 g6 33. Rxh7 Ke6 34. h4 Kf5 35. Kg2 Rc2 36. Kf3 c5 37. dxc5 Rxc5 38. Rf7+ Ke6 39. Rf4 Ke5 40. Kg4 Rc6 41. Kg5 Ra6 42. Rf8 Re6 43. g4 1-0

[Event "Bayern-ch 77th"]
[Site "Bad Woerishofen"]
[Date "2006.09.01"]
[Round "8"]
[White "Urytskyy, Arkadiy"]
[Black "Callenberg, Ralf"]
[Result "1-0"]
[WhiteElo "2077"]
[BlackElo "1989"]
[PlyCount "97"]
[EventDate "2006.08.26"]
[EventType "swiss"]
[EventRounds "9"]
[EventCountry "GER"]
[SourceTitle "EXT 2007"]
[Source "ChessBase"]
[SourceDate "2006.11.23"]
[SourceVersion "1"]
[SourceVersionDate "2006.11.23"]
[SourceQuality "1"]

1. Nf3 Nf6 2. b3 g6 3. Bb2 Bg7 4. g3 d6 5. Bg2 c5 6. 0-0 Nc6 7. c4 0-0 8. d4 cxd4 9. Nxd4 Bd7 10. e4 Ne5 11. h3 Qc8 12. Kh2 Qc5 13. Na3 Bh6 14. Qe2 a6 15. Nac2 Rfc8 16. f4 Nc6 17. Rad1 Rc7 18. Ba3 Nxd4 19. Rxd4 Qa5 20. Rfd1 Bc6 21. Qd3 Bg7 22. e5 Ne8 23. exd6 exd6 24. Bxd6 Bxd4 25. Bxc7 Nxc7 26. Bxc6 bxc6 27. Qxd4 Qxa2 28. Qc3 Re8 29. Rd2 Qb1 30. Rf2 f5 31. Qf6 Qxb3 32. Qxc6 Qb8 33. Nd4 Re1 34. Nf3 Rb1 35. Qf6 Rb6 36. Qe7 Rb2 37. Nd2 Rb7 38. Qd6 Qf8 39. Qc6 Qb8 40. Re2 Rb2 41. Qd6 Rb7 42. Re7 Qf8 43. Qe5 a5 44. Rd7 a4 45. Nf3 a3 46. h4 a2 47. Ng5 h6 48. Nh7 Rb1 49. Nf6+ 1-0

[Event "Bayern-ch 77th"]
[Site "Bad Woerishofen"]
[Date "2006.08.27"]
[Round "2"]
[White "Seuffert, Gabriel"]
[Black "Callenberg, Ralf"]
[Result "1-0"]
[WhiteElo "2281"]
[BlackElo "1989"]
[PlyCount "71"]
[EventDate "2006.08.26"]
[EventType "swiss"]
[EventRounds "9"]
[EventCountry "GER"]
[SourceTitle "EXT 2007"]
[Source "ChessBase"]
[SourceDate "2006.11.23"]
[SourceVersion "1"]
[SourceVersionDate "2006.11.23"]
[SourceQuality "1"]

1. c4 Nf6 2. g3 g6 3. Bg2 Bg7 4. Nc3 c5 5. a3 Nc6 6. Rb1 a5 7. Nh3 d5 8. cxd5 Bxh3 9. Bxh3 Nxd5 10. Qb3 Nb6 11. Qb5 c4 12. b3 cxb3 13. Rxb3 Ra6 14. Bg2 Qc8 15. e3 0-0 16. 0-0 Na7 17. Qe2 Nc6 18. Ne4 Nd7 19. Bb2 Bxb2 20. Rxb2 Qc7 21. Rfb1 Rb8 22. Nc3 Rb6 23. Rxb6 Nxb6 24. Qb5 Nd7 25. d4 e6 26. Qd3 Nf6 27. Na4 Nd7 28. h4 h5 29. Rb3 Na7 30. Nc3 Nf6 31. d5 exd5 32. Nxd5 Qc1+ 33. Bf1 Qc6 34. Qd4 b6 35. Rc3 Nb5 36. Rxc6 1-0

[Event "Bayern-ch 77th"]
[Site "Bad Woerishofen"]
[Date "2006.08.26"]
[Round "1"]
[White "Lentrodt, Thomas"]
[Black "Callenberg, Ralf"]
[Result "1-0"]
[WhiteElo "2221"]
[BlackElo "1989"]
[PlyCount "123"]
[EventDate "2006.08.26"]
[EventType "swiss"]
[EventRounds "9"]
[EventCountry "GER"]
[SourceTitle "EXT 2007"]
[Source "ChessBase"]
[SourceDate "2006.11.23"]
[SourceVersion "1"]
[SourceVersionDate "2006.11.23"]
[SourceQuality "1"]

1. d4 Nf6 2. c4 g6 3. Nc3 d5 4. Nf3 Bg7 5. Bg5 Ne4 6. cxd5 Nxg5 7. Nxg5 e6 8. Nf3 exd5 9. e3 c6 10. Bd3 Nd7 11. b4 a5 12. b5 Nc5 13. Bc2 cxb5 14. Nxb5 Ne4 15. Bxe4 dxe4 16. Nd2 Bf5 17. 0-0 0-0 18. Qe2 Qe7 19. Rfc1 Rfc8 20. Rab1 Bf8 21. Nc4 Ra6 22. d5 Qg5 23. Kh1 Bb4 24. a3 Bg4 25. Qf1 Be7 26. Nd4 Bf8 27. Nb6 Rxc1 28. Qxc1 Qd8 29. Nc4 Rf6 30. Kg1 b6 31. Nd2 Bf5 32. Qc4 Bc5 33. N2b3 Bxa3 34. Nc6 Qc7 35. Nbd4 Bd6 36. h3 Bd7 37. Nb5 Bh2+ 38. Kh1 Qb7 39. Kxh2 Bxc6 40. dxc6 Qxc6 41. Qxc6 Rxc6 42. Nd4 Rd6 43. g4 g5 44. Kg2 f6 45. Rc1 Kf7 46. Rc7+ Ke8 47. Rxh7 Kd8 48. Rf7 Ke8 49. Rb7 Kd8 50. Kf1 Ke8 51. Ke2 Kd8 52. Ra7 Rd7 53. Ra8+ Kc7 54. Re8 Rh7 55. Rxe4 a4 56. Re6 Kb7 57. Rc6 Rc7 58. Rxc7+ Kxc7 59. Kd3 Kd6 60. Kc4 Ke5 61. f3 a3 62. Nc6+ 1-0

[Event "Munich-ch MK"]
[Site "Munich"]
[Date "2006.03.04"]
[Round "10"]
[White "Callenberg, Ralf"]
[Black "Jovanovic, Momir"]
[Result "1-0"]
[WhiteElo "2154"]
[BlackElo "2078"]
[PlyCount "61"]
[EventDate "2006.01.20"]
[EventType "tourn"]
[EventRounds "11"]
[EventCountry "GER"]
[SourceTitle "EXT 2007"]
[Source "ChessBase"]
[SourceDate "2006.11.23"]
[SourceVersion "1"]
[SourceVersionDate "2006.11.23"]
[SourceQuality "1"]

1. g3 e6 2. c4 Be7 3. Nf3 Nf6 4. Bg2 0-0 5. e3 d5 6. b3 b6 7. 0-0 Bb7 8. Bb2 a5 9. Nc3 Nbd7 10. Rc1 dxc4 11. bxc4 Nc5 12. d4 Nce4 13. Ne5 Nxc3 14. Rxc3 Bxg2 15. Kxg2 Ne4 16. Rd3 Qc8 17. f3 Nf6 18. Nc6 Re8 19. e4 Nd7 20. f4 Bf8 21. f5 Qb7 22. fxe6 Rxe6 23. d5 Rh6 24. Qg4 Nc5 25. Rdf3 Rg6 26. Qf5 f6 27. e5 Rg5 28. Qxg5 Qxc6 29. exf6 Qd6 30. fxg7 Be7 31. Qf5 1-0